|
|
|
|
| LEADER |
01078nam a2200301 a 4500 |
| 001 |
16305 |
| 003 |
BD-DhAAL |
| 008 |
090520s2004 njua b 001 0 eng d |
| 999 |
|
|
|c 2419
|d 2419
|
| 010 |
|
|
|a 2003043077
|
| 020 |
|
|
|a 0471434167
|
| 040 |
|
|
|a DLC
|c DLC
|d DLC
|d BD-DhAAL
|
| 082 |
0 |
0 |
|a 576.5
|2 21
|
| 100 |
1 |
|
|a Drlica, Karl.
|9 44829
|
| 245 |
1 |
0 |
|a Understanding DNA and gene cloning :
|b a guide for the curious /
|c Karl Drlica.
|
| 250 |
|
|
|a 4th ed.
|
| 260 |
|
|
|a Hoboken, NJ :
|b Wiley,
|c c2004.
|
| 300 |
|
|
|a xiv, 369 p. :
|b ill. ;
|c 23 cm.
|
| 504 |
|
|
|a Includes bibliographical references (p. 325-335) and index.
|
| 541 |
1 |
|
|e 00016305
|
| 650 |
|
0 |
|a Molecular cloning.
|9 44830
|
| 650 |
|
0 |
|a Recombinant DNA.
|9 44831
|
| 650 |
|
0 |
|a Genetic engineering.
|9 44832
|
| 650 |
|
0 |
|a Genetics.
|9 44833
|
| 650 |
|
0 |
|a Pharmacy.
|9 44834
|
| 852 |
4 |
|
|a Ayesha Abed Library
|c General Stacks
|
| 942 |
|
|
|2 ddc
|c BK
|
| 952 |
|
|
|0 0
|1 0
|2 ddc
|4 0
|6 576_500000000000000_DRL
|7 0
|9 2239
|a BRACUL
|b BRACUL
|c GEN
|d 2009-07-14
|e Karim International.
|l 20
|m 146
|o 576.5 DRL
|p 3010016305
|r 2025-07-28
|s 2025-04-15
|t 1
|w 2009-07-14
|y BK
|